| 000 | 00000nam##2200000za#4500 |
| 001 | 9.572339 |
| 003 | CaOODSP |
| 005 | 20220111083051 |
| 007 | cr ||||||||||| |
| 008 | 150406|1992||||xxc|||||o f|0| 0 eng|d |
| 022 | |a1928-6414 |
| 040 | |aCaOODSP|beng |
| 043 | |an-cn--- |
| 086 | 1 |aNE22-1/1992-16E-PDF |
| 110 | 1 |aCanada. |bNational Energy Board. |
| 245 | 10|aAddendum to reasons for decision in the matter of Interprovincial Pipe Line Inc. : |h[electronic resource]|bapplication dated 27 June 1991 for new tolls effective 1 January 1992 |
| 246 | 1 |iVariant title : |aInterprovincial Pipe Line Inc. |
| 260 | |aCalgary - Alberta : |bNational Energy Board |cSeptember 1992. |
| 300 | |a20p.|btables |
| 490 | 1 |aReasons for decision|x1928-6414|vRH-2-91 |
| 500 | |aThe catalogue number (NE22-1/1992-16E) and ISBN (0-662-19990-1) for the print edition have been incorrectly copied in this electronic publication. |
| 590 | |a12-06-Supp|b2012-03-07 |
| 775 | 08|tAddendum des motifs de décision relativement à Pipeline Interprovincial Inc. : |w(CaOODSP)9.602716 |
| 776 | 0#|tInterprovincial Pipe Line Inc. : |w(CaOODSP)9.608602 |
| 830 | #0|aReasons for decision (Canada. National Energy Board)|x1928-6414|vRH-2-91|w(CaOODSP)9.504480 |
| 856 | 40|ahttp://publications.gc.ca|qPDF|s71 KB|uhttps://publications.gc.ca/collections/Collection/NE22-1-1992-16E.pdf|yRH-2-91 |